[Event "48th Groningen Open A"]
[Site "Groningen NED"]
[Date "2011.12.30"]
[Round "9.25"]
[White "Anurag, Mhamal"]
[Black "Kappus, Stephan"]
[Result "1-0"]
[WhiteElo "2222"]
[BlackElo "2093"]
[WhiteFideId "5024366"]
[BlackFideId "12906875"]
[EventDate "2011.12.21"]

1. c4 e5 2. g3 Nf6 3. Bg2 Nc6 4. Nc3 Bc5 5. e3 d5 6. cxd5 Nb4 7. d4 exd4 8. exd4
Be7 9. Nge2 Nbxd5 10. O-O O-O 11. Re1 c6 12. Nf4 Nxf4 13. Bxf4 Be6 14. Rc1 Re8
15. Qa4 Nd5 16. Nxd5 Bxd5 17. Bxd5 Qxd5 18. Re5 Qd7 19. d5 Bf6 20. dxc6 bxc6 21.
Rxe8+ Rxe8 22. b3 Rc8 23. Be3 Rc7 24. Bf4 Rc8 25. Be3 Rc7 26. h4 h6 27. Rc5 Qd1+
28. Kg2 Qd3 29. Qf4 Qd7 30. Qe4 Qe7 31. Qxe7 Bxe7 32. Ra5 c5 33. Kf3 Kf8 34. Ke4
Ke8 35. Kd5 Kd7 36. Rb5 Kd8 37. Rb8+ Kd7 38. Bf4 Rc8 39. Rxc8 Kxc8 40. Bd6 Bf6
41. Kc6 h5 42. Bxc5 Kb8 43. Kd7 g5 44. hxg5 Bxg5 45. Be3 1-0

[Event "48th Groningen Open A"]
[Site "Groningen NED"]
[Date "2011.12.30"]
[Round "9.26"]
[White "Dehn, Marcus"]
[Black "Maris, Ivo"]
[Result "0-1"]
[WhiteElo "2134"]
[BlackElo "2022"]
[WhiteFideId "4667093"]
[BlackFideId "1028146"]
[EventDate "2011.12.21"]

1. e4 c5 2. c4 g6 3. g3 Bg7 4. Bg2 Nc6 5. Ne2 h5 6. h3 d6 7. d3 Bd7 8. O-O Qc8
9. Kh2 Nf6 10. f4 Nd4 11. Nxd4 cxd4 12. e5 h4 13. exf6 hxg3+ 14. Kg1 Bxf6 15.
Qf3 Bxh3 16. Qxg3 Bg4 17. f5 gxf5 18. Bf3 Bh3 19. Bg5 f4 20. Bxf4 Bxf1 21. Kxf1
e5 22. Bd2 Bh4 23. Qg7 Rf8 24. Bg4 Qc6 25. Kg1 Ke7 26. Bg5+ Bxg5 27. Qxg5+ f6
28. Qg7+ Rf7 29. Qg6 Rh8 30. Bh5 Rxh5 31. Qxh5 Rg7+ 32. Kf2 Qg2+ 33. Ke1 Qg1+
34. Ke2 Rg2+ 35. Kf3 Rf2+ 0-1